00885nam a2200277Ia 4500008004100000020001500041050000800056245003900064245002500103260001700128260006400145260000900209300001700218300004900235300001100284500003200295650002500327650002000352650002000372650001700392650001200409650002800421650002900449999001900478952011000497170203s9999 xx 000 0 und d a9971731363 a959 aMabuhay presents the Philippines / cPhilippine Airlines. aSingapore :  bPublished on behalf of Philippine Airlines by MPH Magazines c1984 a176 pages :  billustrations (chiefly color), color maps ;  c30 cm. aCol. maps on lining papers. aManners and customs. aPhilippines --  aPhilippines --  aPhilippines. aTravel. xDescription and travel. xSocial life and customs. c305910d305910 001040aSSISBbSSISBc REFd2017-02-03l0o959 .M112 1984pUS- 0995r2017-02-03 00:00:00w2017-02-03yBK